00473nam a2200169 a 450000500170000000800410001702000220005805000270008010000240010724500470013125000120017826000400019030000220023065000100025265000210026265000200028320140310183449.0081205s19uu xx 00 eng d a978-0-07-110097-7 aHD 62.4 b.H55g 2008  aHill, Charles W. L. aGlobal business today.cCharles W. L. Hill a5th ed. aBoston :bMcGraw-Hill Irwin,c2008. a592 p. :c27 cm.  aBSBA. aGlobal business. aBusiness today.